000 00275nam a2200109Ia 4500
008 190912s9999||||xx |||||||||||||| ||und||
100 _aMem Kamal O.K.
245 0 _aTehreek-i-Khilafat : 1924-1919
260 _aKarachi
_bQuaid-e-Azam Academy
_c1991
300 _a296
942 _cBK
999 _c7345
_d7345